| 000 | 00973nam a2200229Ia 4500 | ||
|---|---|---|---|
| 001 | 13620 | ||
| 005 | 20260406164732.0 | ||
| 008 | 260306t2008||||xx |||||||||||||| ||spa|| | ||
| 041 | _aESP | ||
| 082 |
_a005.1 _bJ79 2008 |
||
| 100 |
_aJoyanes Aguilar, Luis _eAUT |
||
| 245 | 0 |
_aFundamentos de programación: _balgoritmos, estructura de datos y objetos |
|
| 260 | _c2008 | ||
| 300 |
_a766 páginas : _c27 cm. |
||
| 650 | _aGEN | ||
| 654 | _aCCC | ||
| 856 |
_uhttps://itmsp.museknowledge.com/UCSP?url=https://www.ebooks7-24.com:443/?il=10409&pg=1 _zVersión digital (2020) |
||
| 856 |
_uhttps://0u213vch2-y-https-ebooks7--24-com.itmsp.museknowledge.com/biblioteca.aspx _zVéase además: Base de datos Ebook7-24 |
||
| 856 |
_uhttps://dl.acm.org/ _zVéase además: Base de datos ACM Digital Library |
||
| 856 |
_uhttps://0u206vchx-y-https-ieeexplore-ieee-org.itmsp.museknowledge.com/Xplore/home.jsp _zVéase además: Base de datos IEEE Xplore |
||
| 942 |
_cLIB _dJUS _fJUS _2ddc |
||
| 999 |
_c13620 _d13620 |
||